| 000 | 01017nam a22002777a 4500 | ||
|---|---|---|---|
| 001 | 6406 | ||
| 003 | FISKH | ||
| 005 | 20250429094514.0 | ||
| 008 | 250429b cb ||||| |||| 00| 0 eng d | ||
| 020 | _a9781841351940 | ||
| 040 |
_aFISKH _beng _cFISKH _dFISKH |
||
| 050 | _aPZ7 | ||
| 082 | _a428.6 | ||
| 100 | _aAndrews, Jackie | ||
| 245 |
_aHenny Penny / _cRewritten by Jackie Andrews ; Illustrated by Lawrie Taylor |
||
| 260 |
_aNottinghamshire : _bAward Publications, _c2013. |
||
| 300 |
_a32unnumbered pages : _bcolor illustrations ; _c26 cm |
||
| 505 | _aP | ||
| 520 | _aA favorite tale with appealing illustrations helps encourage a love of reading from an early age. When Henny Penny gets hit on the head by a falling acorn, she thinks the sky is falling, and sets off to tell the king. | ||
| 521 | 8 |
_a640
_bLexile estimate |
|
| 521 | 8 |
_aP
_bRaz-Plus |
|
| 650 |
_aFolktales and Fables _vPicture Book |
||
| 700 |
_aTaylor, Lawrie _eillustrator |
||
| 942 |
_2ddc _cBK _n0 |
||
| 999 |
_c6406 _d6406 |
||